书目信息 |
| 题名: |
F-1防锈油
|
|
| 作者: | 史仁基 编 | |
| 分册: | ||
| 出版信息: | 北京 国防工业出版社 1978 |
|
| 页数: | 20页 | |
| 开本: | 19cm | |
| 丛书名: | ||
| 单 册: | ||
| 中图分类: | TG174.4 | |
| 科图分类: | ||
| 主题词: | 防锈油,F-1 | |
| 电子资源: | ||
| ISBN: | ||
| 000 | 00563nam0 2200217 45 | |
| 001 | 0178000335 | |
| 005 | 20060511144121.34 | |
| 010 | @dCNY0.06 | |
| 091 | @a15034.1750 | |
| 100 | @a19950731d1978 em y0chiy0121 ea | |
| 101 | 0 | @achi |
| 102 | @aCN@b110000 | |
| 105 | @ay z 000yy | |
| 200 | 10 | @aF-1防锈油@Af-1 fang xiu you@f史仁基编@Fshi ren ji bian |
| 210 | @a北京@c国防工业出版社@d1978 | |
| 215 | @a20页@d19cm | |
| 606 | @a防锈油,F-1 | |
| 690 | @aTG174.4@v4 | |
| 701 | 0 | @a史仁基@Ashi ren ji@4编 |
| 801 | 0 | @aCN@bTSSF@c20060511 |
| 905 | @a10447@dTG174.4@e1 | |
| F-1防锈油/史仁基编.-北京:国防工业出版社,1978 |
| 20页;19cm |
| ISBN :CNY0.06 |
| ● |
| 相关链接 |
|
|
|
|
正题名:F-1防锈油
索取号:TG174.4/1
 
预约/预借
| 序号 | 登录号 | 条形码 | 馆藏地/架位号 | 状态 | 备注 |
| 1 | 0002580 | 202322478 | 密集书库/ [索取号:TG174.4/1] | 在馆 | |
| 2 | 0002582 | 202322085 | 密集书库/ [索取号:TG174.4/1] | 在馆 |